000 00528nam a22002057a 4500
003 koha_MIRAKIL
005 20231213095951.0
008 231213b |||||||| |||| 00| 0 ||| d
020 _b978-9-75160982-3
040 _aTR-IsEVY
_btur
_cTR-IsEVY
082 _a915 LIG/B
100 _aLigeti, Louis.
245 0 _aBilinmeyen iç Asya
250 _a3. bs.
260 _bTürk Dil Kurumu Yayınları,
_c2011
300 _a361 s.
650 _aAsia, Central -- History.
650 _aOrta Asya -- Tarih.
942 _2ddc
_cBK
999 _c12341
_d12341